00458nam a22001217a 4500082002000000245007300020260004900093300001000142526003700152942001200189999001900201952011600220 a954.912bOFFcD aOfficial History of Operations on the N.W. Frontier of India 1936-37 aDelhibManager of Publications, Delhicc1943 ap 256 a0b0c0d954_912000000000000_OFF 2ddccBK c553085d553085 00102ddc4070aMCEbMCEcArchive Sectiond2015-01-29l0o954.912 OFFpMCE-ECO/7.2r2015-01-29w2015-01-29yBK